00401nam a22001217a 4500008004100000020002200041082001200063100004700075245009500122250001600217260002800233300001800261230801b |||||||| |||| 00| 0 eng d a978-81-265-7980-8 a658.403 aE. Turban, Linda Volonino, Gregory R. Wood aInformation technology for management :badvancing sustainable, profitable business growth a2nd Edition aNew DelhibWiley,c2019 a365 p, c28cm